000 00741nac a22002411i 4500
003 EG-ScBUE
005 20250717085449.0
008 250717s2004 ii a f 000 0 eng d
020 _a8171418694
040 _aEG-ScBUE
_beng
_erda
_cEG-ScBUE
_dEG-ScBUE
082 0 4 _a541.38
_bJHA
_222
100 1 _aJHA, D.K.,
_eauthor.
245 _aAtomic and Nuclar Structure /
_cby D.K. Jha.
264 1 _aNew Delhi :
_bDiscovery Publishing,
_c2004.
300 _a345 pages :
_billustrations ;
_c20 cm.
336 _2rdacontent
_atext
_btxt
337 _aunmediated
_2rdamedia
_bn
338 _avolume
_bnc
_2rdacarrier
490 0 _aDPH Physics Series
650 7 _aAtomic theory.
_2BUEsh
655 _vReading book
942 _cBB
_2ddc
999 _c8424
_d8424